Star wars : (Record no. 19082)
[ view plain ]
| 000 -LEADER | |
|---|---|
| fixed length control field | 00450nam a22001337a 4500 |
| 008 - FIXED-LENGTH DATA ELEMENTS--GENERAL INFORMATION | |
| fixed length control field | 240212b ||||| |||| 00| 0 eng d |
| 020 ## - INTERNATIONAL STANDARD BOOK NUMBER | |
| International Standard Book Number | 9780593724163 |
| 082 ## - DEWEY DECIMAL CLASSIFICATION NUMBER | |
| Edition number | 2023 |
| Classification number | DFic |
| Item number | D323 |
| 100 ## - MAIN ENTRY--PERSONAL NAME | |
| Personal name | Dawson, Delilah S. |
| 9 (RLIN) | 52164 |
| 245 ## - TITLE STATEMENT | |
| Title | Star wars : |
| Remainder of title | inquisitor rise of the red blade / |
| Statement of responsibility, etc. | Delilah S. Dawson. |
| 260 ## - PUBLICATION, DISTRIBUTION, ETC. (IMPRINT) | |
| Place of publication, distribution, etc. | United states of America : |
| Name of publisher, distributor, etc. | Random House Worlds, |
| Date of publication, distribution, etc. | ©2023. |
| 300 ## - PHYSICAL DESCRIPTION | |
| Extent | 343 pages : |
| Other physical details | illustrations ; |
| Dimensions | 23 cm. |
| 942 ## - ADDED ENTRY ELEMENTS (KOHA) | |
| Source of classification or shelving scheme | Dewey Decimal Classification |
| Koha item type | Fiction |
| Withdrawn status | Lost status | Source of classification or shelving scheme | Damaged status | Not for loan | Collection code | Home library | Current library | Date acquired | Source of acquisition | Cost, normal purchase price | Total Checkouts | Full call number | Barcode | Date last seen | Price effective from | Koha item type |
|---|---|---|---|---|---|---|---|---|---|---|---|---|---|---|---|---|
| Dewey Decimal Classification | Fiction | UM Digos College - LIC | UM Digos College - LIC | 08/08/2023 | Purchased | 1080.00 | DFic D323 2023 | 28113 | 05/15/2025 | 02/12/2024 | Fiction |
